Historia de las antiguedades de Mérida / (Record no. 53885)

MARC details
000 -LEADER
campo de control de longitud fija 00774nam a22001935i 4500
001 - NÚMERO DE CONTROL
campo de control 53885
003 - IDENTIFICADOR DE NÚMERO DE CONTROL
campo de control ES-MaACL
005 - FECHA Y HORA DE LA ÚLTIMA TRANSACCIÓN
campo de control 20250630001305.0
007 - CAMPO FIJO DE DESCRIPCIÓN FÍSICA--INFORMACIÓN GENERAL
campo de control de longitud fija t|
008 - DATOS DE LONGITUD FIJA--INFORMACIÓN GENERAL
campo de control de longitud fija 970901s1857 sp a ||||1| spa d
040 ## - FUENTE DE CATALOGACIÓN
Centro catalogador/agencia de origen AR
Lengua de catalogación spa
Centro/agencia transcriptor AR
100 1# - ENTRADA PRINCIPAL--NOMBRE DE PERSONA
Nombre de persona Fernández y Pérez, Gregorio.
9 (RLIN) 50188
245 10 - MENCIÓN DEL TÍTULO
Título Historia de las antiguedades de Mérida /
Mención de responsabilidad, etc. escrita por Gregorio Fernández y Pérez ; mandada imprimir por la Comision de Monumentos Históricos y Artisticos de esta provincia de Badajoz.
260 ## - PUBLICACIÓN, DISTRIBUCIÓN, ETC.
Lugar de publicación, distribución, etc. Badajoz :
Nombre del editor, distribuidor, etc. Imp. y Librería de Gerónimo Orduña,
Fecha de publicación, distribución, etc. 1857.
300 ## - DESCRIPCIÓN FÍSICA
Extensión VIII, 121 p., 4 h. de lám. pleg. ;
Dimensiones 22 cm.
710 1# - ENTRADA AGREGADA--NOMBRE DE ENTIDAD CORPORATIVA
Nombre de entidad corporativa o nombre de jurisdicción como elemento de entrada Badajoz (Provincia).
Unidad subordinada Comision de Monumentos Históricos y Artísticos
9 (RLIN) 2080
852 ## - LOCALIZACIÓN
Ubicación ES-MaACL
Número de control de estantería F-4284
Holdings
Estatus retirado Estado de pérdida Estado de daño No para préstamo Colección Biblioteca de origen Biblioteca actual Ubicación en estantería Fecha de adquisición Fuente de adquisición Total de préstamos Signatura topográfica completa Código de barras Visto por última vez Precio de reemplazo Tipo de ítem Koha
        Libros del s. XIX Biblioteca del Ateneo de Madrid Biblioteca del Ateneo de Madrid Depósito 2 17/01/2008     F-4284 1056628 23/02/2023 23/02/2023 Libro impreso antiguo